| 000 -LEADER |
| fixed length control field |
01220cam a2200241 a 4500 |
| 020 ## - INTERNATIONAL STANDARD BOOK NUMBER |
| ISBN |
0160387264 |
| 040 ## - CATALOGING SOURCE |
| Transcribing agency |
DNAL |
| 082 00 - DEWEY DECIMAL CLASSIFICATION NUMBER |
| Classification number |
333 WOR 1989 C153 Or. |
| 110 1# - MAIN ENTRY--CORPORATE NAME |
| Corporate name or jurisdiction name as entry element |
United States. |
| 245 14 - TITLE STATEMENT |
| Title |
The Pacific Yew Act of 1991 : |
| Remainder of title |
joint hearing before the Subcommittee on Fisheries and Wildlife Conservation and the Environment of the Committee on Merchant Marine and Fisheries and the Subcommittee on Forests, Family Farms, and Energy of the Committee on Agriculture and the Subcommittee on National Parks and Public Lands of the Committee on Interior and Insular Affairs, House of Representatives, One Hundred Second Congress, second session ... March 4, 1992. |
| 300 ## - PHYSICAL DESCRIPTION |
| Number of Pages |
vi, 239 pages : |
| Other physical details |
illustrations ; |
| Dimensions |
24 cm. |
| 500 ## - GENERAL NOTE |
| General note |
Distributed to some depository libraries in microfiche. |
| 500 ## - GENERAL NOTE |
| General note |
Shipping list no.: 92-0428-P. |
| 500 ## - GENERAL NOTE |
| General note |
"Serial no. 102-71 (Committee on Merchant Marine and Fisheries; Committee on Interior and Insular Affairs)." |
| 500 ## - GENERAL NOTE |
| General note |
"Serial no. 102-61 (Committee on Agriculture)." |
| 650 #0 - SUBJECT ADDED ENTRY--TOPICAL TERM |
| Topical Term |
Pacific yew |
| 650 #0 - SUBJECT ADDED ENTRY--TOPICAL TERM |
| Topical Term |
Paclitaxel |
| 650 #0 - SUBJECT ADDED ENTRY--TOPICAL TERM |
| Topical Term |
Forest reserves |
| 650 #0 - SUBJECT ADDED ENTRY--TOPICAL TERM |
| Topical Term |
Forest management |
| 710 1# - ADDED ENTRY--CORPORATE NAME |
| Corporate name or jurisdiction name as entry element |
United States. |
| 710 1# - ADDED ENTRY--CORPORATE NAME |
| Corporate name or jurisdiction name as entry element |
United States. |
| 942 ## - ADDED ENTRY ELEMENTS (KOHA) |
| Koha item type |
ADB |
| 952 ## - LOCATION AND ITEM INFORMATION (KOHA) |
| Withdrawn status [LOCAL, KOHA] |
0 |